00347nam a2200145Ia 4500008004100000041000800041082000800049100002000057245003500077250000800112260004600120300000800166365000800174999001900182231011s9999 xx 000 0 und d aeng a658 aRavichandran K. aFunctional Areas of Management a1st bAvinash Paperback Publication Delhic2009 a353 b232 c892265d892265